00320 a2200121 4500040001300000082001300013100001700026245003600043260004400079300001700123500002000140650003800160 aDLCbDLC a891.4391 aTabish Kamal aSham pae bin shamcTabish Kamal aRawalpindi.bKamal Publications;c2002. a128p.c24cm. a Includes Index a Urdu Literature (Punjabi poetry)